000 00474nam a22001937a 4500
999 _c2330
_d2330
003 Ost
005 20200205140958.0
008 200205b ||||| |||| 00| 0 eng d
020 _a9788131704486
040 _cBT-PhCST
050 _a13217
082 _222
_a005.2
100 _aKamthane, Ashok N.
245 _aComputer programming /
250 _aNA
260 _aNew Delhi,
_bPerson Education,
_cc2009.
300 _axiv,479 p. ;
_bill. ;
_c24 cm.
942 _2ddc
_cIT
_09